|
|
|
|
| LEADER |
00000naa a2200000 ar4500 |
| 001 |
vtls008887470 |
| 003 |
SK-MaSNL |
| 005 |
20260302144554.0 |
| 008 |
061201e2005 xo | |b |||| ||slo |
| 015 |
|
|
|a SNBRA2006/11
|2 snkbucl
|
| 038 |
|
|
|a SNKBUCL
|
| 040 |
|
|
|a SNKBUCL
|b slo
|c SNKBUCL
|e AACR2
|
| 041 |
0 |
|
|a slo
|
| 044 |
|
|
|a xo
|c SK
|
| 080 |
|
|
|a 94(437.6)
|x "15"
|2 1997
|
| 080 |
|
|
|a 94(436)
|x "15"
|2 1997
|
| 100 |
1 |
|
|a Roháč, Juraj,
|d 1956-
|4 aut
|9 9423
|
| 245 |
1 |
0 |
|a Ferdinand I. a Trnava
|c Juraj Roháč
|
| 504 |
|
|
|a Bibliogr. odkazy a pozn.
|
| 600 |
0 |
7 |
|a Ferdinand
|b I.,
|c uhorský a český kráľ, rímskonemecký cisár,
|d 1503-1564
|2 snkbucl
|9 116956
|
| 648 |
|
7 |
|a 16. stor.
|2 snkbucl
|9 293378
|
| 651 |
|
7 |
|a Trnava (Slovensko)
|2 snkbucl
|9 19407
|
| 773 |
0 |
|
|t Politický zrod novovekej strednej Európy
|d Prešov : Vydavateľstvo Michala Vaška, 2005
|g S. 81-87
|z 8071654469
|
| 852 |
|
|
|a SNK
|b KIS3GCP
|
| 958 |
|
|
|a NB
|
| 958 |
|
|
|a SK
|
| 999 |
|
|
|c 1349919
|d 1351849
|